000 00746nai a2200205Ia 4500
003 IN-BaIIA
008 211028c9999 xx s 000 0 eng d
022 _a0890-8044 (Print)
022 _a1558-156X (Online)
040 _cIIA Library
245 0 _aIEEE Network
_h[eJournal]
260 _aNew York, USA
_bThe Institute of Electrical and Electronics Engineers, Inc. (IEEE)
310 _aBimonthly
362 _a1(1); 1987 - Present
521 _bSubscribed through National Knowledge Resource Consortium (NKRC)
650 _a Computing and Processing
_948785
650 _aCommunication, Networking and Broadcast Technologies
856 _uhttps://ieeexplore.ieee.org/servlet/opac?punumber=65
_yClick Here to Access eJournal
942 _cEJ
999 _c34552
_d34552